Score 0/9 Timer 03:00
0 Plays Today
Hint Answer % Correct
Main ItemKrabby Patty
100%
Krabby Patty SideKelp Fries
41.5%
Krabby Patty SideCoral Bits
39.6%
In the episode (Krusty Dogs)Krusty Dog
35.8%
Soft DrinkDiet Dr. Kelp
17%
In the episode (All that Glitters)Monster Krabby Patty
17%
In the episode (The Krusty Sponge)Spongie Patty
9.4%
Mermaidman and Barnacle boy VPipsqueak Patty
9.4%
In the episode (Pizza Delivery)Krust Krab Pizza
0%
Remove Ads.
Support Sporcle.
Get the best of Sporcle when you Go Orange. This ad-free experience offers more features, more stats, and more fun while also helping to support Sporcle. Thank you for becoming a member.

You're not logged in!

Compare scores with friends on all Sporcle quizzes.
OR
Log In

Show Comments

Extras

Created Oct 14, 2013ReportNominate
Tags:item, menu

Top Quizzes Today


Score Distribution

Your Account Isn't Verified!

In order to create a playlist on Sporcle, you need to verify the email address you used during registration. Go to your Sporcle Settings to finish the process.

Report this User

Report this user for behavior that violates our Community Guidelines.

Details: